[Event "RA-2020-0-00669"]
[Site "LSS email"]
[Date "2020.09.12"]
[Round "?"]
[White "Hoge, Kai Uwe"]
[Black "Hatsek, Werner"]
[Result "1-0"]
[WhiteElo "2170"]
[BlackElo "2060"]
[PlyCount "85"]
[EventDate "2020.07.24"]
[EventType "tourn (corr)"]
[EventRounds "6"]
[EventCountry "GER"]
[SourceTitle "Corr 2022"]
[Source "ChessBase"]
[SourceDate "2021.10.24"]
[SourceVersion "1"]
[SourceVersionDate "2021.10.24"]
[SourceQuality "1"]

1. d4 Nf6 2. c4 e6 3. Nc3 Bb4 4. f3 d5 5. a3 Bxc3+ 6. bxc3 0-0 7. cxd5 exd5 8. e3 Re8 9. Bd3 b6 10. Ne2 c5 11. 0-0 Nc6 12. Ra2 Qd6 13. Ng3 Be6 14. Re2 Rad8 15. Qe1 h5 16. h3 Bd7 17. Qf2 cxd4 18. cxd4 b5 19. Ra2 b4 20. Ne2 b3 21. Rd2 Bc8 22. Bb2 Na5 23. e4 Nd7 24. e5 Qc6 25. f4 Nc4 26. Bxc4 dxc4 27. Nc3 f6 28. Rfd1 Bb7 29. a4 Qb6 30. Qe2 Rc8 31. a5 Qxa5 32. e6 Qb6 33. f5 Nf8 34. Na4 Qa5 35. d5 Bxd5 36. Rxd5 Qxa4 37. Qxh5 Re7 38. Qg4 Kh7 39. R5d4 Qe8 40. Qh4+ Kg8 41. Rxc4 Rd8 42. Rdc1 Qb5 43. Bxf6 1-0

[Event "RA-2020-0-00669"]
[Site "LSS email"]
[Date "2020.09.11"]
[Round "?"]
[White "Morcin, Tom"]
[Black "Hoge, Kai Uwe"]
[Result "0-1"]
[WhiteElo "2122"]
[BlackElo "2170"]
[PlyCount "96"]
[EventDate "2020.07.24"]
[EventType "tourn (corr)"]
[EventRounds "6"]
[EventCountry "GER"]
[SourceTitle "Corr 2022"]
[Source "ChessBase"]
[SourceDate "2021.10.24"]
[SourceVersion "1"]
[SourceVersionDate "2021.10.24"]
[SourceQuality "1"]

1. e4 e6 2. d4 d5 3. Nc3 Bb4 4. e5 c5 5. a3 Bxc3+ 6. bxc3 Qa5 7. Bd2 Qa4 8. Rb1 c4 9. Ne2 Qxa3 10. g4 Nc6 11. Bg2 h5 12. f3 a5 13. Nf4 g6 14. Ra1 Qe7 15. 0-0 a4 16. gxh5 gxh5 17. Ra2 Kd8 18. Qa1 b5 19. Kh1 Bd7 20. Qb1 Rb8 21. Rg1 Nh6 22. Ne2 Kc7 23. Rb2 Na7 24. Qc1 Qf8 25. Bh3 Nc8 26. Nf4 Ne7 27. Nxh5 Nhf5 28. Bg4 b4 29. Rb1 Bc6 30. Nf6 b3 31. cxb3 Rxb3 32. Ra1 Qa8 33. Ra2 Qa6 34. Qc2 Qb6 35. Bc1 Qa5 36. Bd2 Qb6 37. Bh5 a3 38. Bc1 Qa5 39. Bd2 Rhb8 40. Rga1 Rb2 41. Qc1 R8b3 42. Be1 Qb6 43. Rxa3 Rxa3 44. Rxa3 Rb1 45. Qd2 Ng6 46. Bxg6 fxg6 47. Qf2 Rc1 48. Ra2 Qb3 0-1

[Event "CP-2019-S-00003"]
[Site "LSS email"]
[Date "2019.02.09"]
[Round "?"]
[White "Hoge, Kai Uwe"]
[Black "Tsygankov, Evgeny Georgievich"]
[Result "1/2-1/2"]
[WhiteElo "2141"]
[BlackElo "2485"]
[PlyCount "85"]
[EventDate "2019.02.15"]
[EventType "tourn (corr)"]
[EventRounds "7"]
[EventCountry "GER"]
[SourceTitle "Corr 2022"]
[Source "ChessBase"]
[SourceDate "2021.10.24"]
[SourceVersion "1"]
[SourceVersionDate "2021.10.24"]
[SourceQuality "1"]

1. d4 Nf6 2. c4 g6 3. Nc3 Bg7 4. e4 0-0 5. Nf3 d6 6. h3 e5 7. d5 Nh5 8. g3 f5 9. exf5 gxf5 10. Nh4 Nf6 11. Qc2 Na6 12. a3 Nc5 13. Bg5 Qe8 14. Be3 b6 15. 0-0-0 f4 16. Bd2 a5 17. Re1 Bd7 18. Rg1 Qh5 19. Be2 Qh6 20. a4 Rae8 21. Bf3 e4 22. Bxf4 Nd3+ 23. Qxd3 exd3 24. Bxh6 Bxh6+ 25. Kd1 Bxh3 26. Rxe8 Rxe8 27. Re1 Rf8 28. Bg2 Bd7 29. Re7 Bg5 30. f4 Bxh4 31. gxh4 Rf7 32. Rxf7 Kxf7 33. Kd2 Kg6 34. Ne4 Nh5 35. Ke3 d2 36. Nxd2 Nf6 37. Ne4 Bxa4 38. Nc3 Bd7 39. Ne4 Ng4+ 40. Kf3 Nh6 41. Ng3 Nf5 42. Nxf5 Bxf5 43. Bf1 1/2-1/2

[Event "CP-2019-S-00003"]
[Site "LSS email"]
[Date "2019.02.09"]
[Round "?"]
[White "Susla, Vitaliy"]
[Black "Hoge, Kai Uwe"]
[Result "1/2-1/2"]
[WhiteElo "2323"]
[BlackElo "2141"]
[PlyCount "179"]
[EventDate "2019.02.15"]
[EventType "tourn (corr)"]
[EventRounds "7"]
[EventCountry "GER"]
[SourceTitle "Corr 2022"]
[Source "ChessBase"]
[SourceDate "2021.10.24"]
[SourceVersion "1"]
[SourceVersionDate "2021.10.24"]
[SourceQuality "1"]

1. d4 d5 2. c4 e6 3. Nf3 Nf6 4. Nc3 Be7 5. Bf4 0-0 6. e3 b6 7. Be2 Bb7 8. 0-0 dxc4 9. Bxc4 Nbd7 10. Qe2 a6 11. Rfd1 Nd5 12. Nxd5 exd5 13. Bd3 c5 14. dxc5 Nxc5 15. Bc2 g6 16. Be5 Re8 17. Rab1 b5 18. b4 Nd7 19. Ba1 Rc8 20. a4 Qc7 21. Bb3 bxa4 22. Bxa4 Red8 23. h3 Bc6 24. Bb3 Bb5 25. Qa2 Bc4 26. Rxd5 Bxd5 27. Bxd5 Rf8 28. Qxa6 Nb6 29. Bb3 Nd7 30. Rd1 Ra8 31. Qe2 Bf6 32. Bxf6 Nxf6 33. Qb2 Nd7 34. h4 Ra6 35. h5 gxh5 36. Rd5 Rc8 37. Qd4 Qc1+ 38. Kh2 Nf6 39. Rg5+ Kf8 40. b5 Qc7+ 41. g3 Rd6 42. Qb4 h6 43. Rf5 Kg7 44. Kg2 Rb6 45. Qd4 Rd6 46. Qa1 Qc3 47. Qa3 Rb6 48. Nd4 h4 49. gxh4 Qc7 50. Qb2 Qd7 51. Rf4 Kh7 52. Kf1 Kg7 53. Rf3 Rc5 54. Kg2 Kh7 55. Qa2 Rd6 56. Bc2+ Kh8 57. Nf5 Rd2 58. Qa1 Qe6 59. Be4 Rxb5 60. Nxh6 Kg7 61. Qc3 Rd1 62. Rf4 Rb3 63. Qc5 Nxe4 64. Qh5 Nd6 65. Rg4+ Kf8 66. Rg8+ Ke7 67. Qxd1 Rb4 68. Qh5 Qe4+ 69. Kg3 Rb1 70. f3 Qxe3 71. Qxf7+ Nxf7 72. Nf5+ Kf6 73. Nxe3 Rg1+ 74. Ng2 Nd6 75. Kh2 Ra1 76. Ne3 Ra3 77. Ng4+ Ke7 78. Rg7+ Ke6 79. Rg6+ Ke7 80. Ne5 Nf5 81. h5 Ra2+ 82. Kh3 Ra4 83. Nc6+ Kf7 84. Ne5+ Ke7 85. Rg4 Ra1 86. Rg5 Ke6 87. Ng4 Ra3 88. Rg6+ Ke7 89. Ne5 Ra4 90. Ng4 1/2-1/2

[Event "CP-2019-S-00003"]
[Site "LSS email"]
[Date "2019.02.09"]
[Round "?"]
[White "Yarmolyuk, Yury"]
[Black "Hoge, Kai Uwe"]
[Result "1/2-1/2"]
[WhiteElo "2296"]
[BlackElo "2141"]
[PlyCount "159"]
[EventDate "2019.02.15"]
[EventType "tourn (corr)"]
[EventRounds "7"]
[EventCountry "GER"]
[SourceTitle "Corr 2022"]
[Source "ChessBase"]
[SourceDate "2021.10.24"]
[SourceVersion "1"]
[SourceVersionDate "2021.10.24"]
[SourceQuality "1"]

1. d4 Nf6 2. c4 g6 3. Nc3 Bg7 4. e4 d6 5. Nf3 0-0 6. Be2 e5 7. 0-0 Nc6 8. d5 Ne7 9. b4 Nh5 10. Re1 f5 11. Rb1 Nf6 12. Bd3 a5 13. b5 b6 14. exf5 gxf5 15. Ng5 Ng6 16. Bc2 Qe7 17. Rb3 h6 18. Ne6 Bxe6 19. dxe6 Qxe6 20. Nd5 Rf7 21. Rf3 Nxd5 22. cxd5 Qd7 23. a4 Re8 24. Rg3 Nf4 25. Kf1 Kf8 26. Be3 Qd8 27. Rf3 Qh4 28. Bxf4 exf4 29. Re6 Qg4 30. Qd3 Qg5 31. Rh3 Rf6 32. Qc4 Rf7 33. Qc6 Rfe7 34. Rf3 Be5 35. g3 Qh5 36. Kg2 Rxe6 37. dxe6 Rxe6 38. Qxc7 d5 39. Qc8+ Qe8 40. Qb7 Qe7 41. Qxd5 Rd6 42. Qc4 Qe6 43. Qe2 Rd4 44. Bb3 Qe8 45. Ba2 h5 46. h4 Rd7 47. Bb1 Bc7 48. Qc4 Qg6 49. Qc3 Ke7 50. Bd3 Kd8 51. Qh8+ Ke7 52. Bc4 Rd8 53. Qc3 Qf6 54. Qc2 Rd4 55. Bd3 Be5 56. Bxf5 fxg3 57. fxg3 Qd6 58. Qc1 Qd5 59. Qg5+ Kd6 60. Qh6+ Kc5 61. Qe3 Kd6 62. Kh3 Kc7 63. Bg6 Qe6+ 64. Bf5 Qd5 65. Bg6 Qe6+ 66. Rf5 Kd6 67. Qc1 Rc4 68. Qd2+ Kc7 69. Qe2 Rc5 70. Bh7 Kd7 71. Qe4 Bd6 72. Qxe6+ Kxe6 73. Rxc5 Bxc5 74. Bg6 Kf6 75. Bxh5 Kf5 76. Kg2 Ke4 77. Bg6+ Ke5 78. Kf3 Bb4 79. Kg4 Be1 80. Kf3 1/2-1/2

[Event "CP-2018-P-00032"]
[Site "LSS email"]
[Date "2018.09.27"]
[Round "?"]
[White "Brotherton, Trevor S"]
[Black "Hoge, Kai Uwe"]
[Result "1/2-1/2"]
[WhiteElo "2091"]
[BlackElo "2140"]
[PlyCount "82"]
[EventDate "2018.10.01"]
[EventType "tourn (corr)"]
[EventRounds "6"]
[EventCountry "GER"]
[SourceTitle "Corr 2022"]
[Source "ChessBase"]
[SourceDate "2021.10.24"]
[SourceVersion "1"]
[SourceVersionDate "2021.10.24"]
[SourceQuality "1"]

1. c4 e5 2. g3 Nf6 3. Bg2 c6 4. d4 e4 5. Nc3 d5 6. a3 Be7 7. Nh3 Nbd7 8. cxd5 cxd5 9. 0-0 0-0 10. Qb3 Nb6 11. a4 Nc4 12. Nf4 Na5 13. Qa2 Be6 14. f3 exf3 15. exf3 Qb6 16. Nxe6 fxe6 17. Be3 Rae8 18. Bf2 Kh8 19. Rae1 Bb4 20. Re2 Rc8 21. Qb1 Bxc3 22. bxc3 Rxc3 23. Qxb6 axb6 24. Rxe6 Nc4 25. Rfe1 Ra3 26. Re7 Kg8 27. h4 Rf7 28. R7e2 Rxa4 29. Bh3 Kf8 30. g4 Ra8 31. Kh2 Re8 32. g5 Rxe2 33. Rxe2 Nh5 34. Be1 g6 35. Bb4+ Kg7 36. Be6 Rc7 37. Bg4 Nf4 38. Re8 h5 39. gxh6+ Kxh6 40. Be7 Kg7 41. Bg5 Nd6 1/2-1/2

[Event "CP-2018-P-00032"]
[Site "LSS email"]
[Date "2018.09.27"]
[Round "?"]
[White "Khanas, Valeriy"]
[Black "Hoge, Kai Uwe"]
[Result "1/2-1/2"]
[WhiteElo "2311"]
[BlackElo "2140"]
[PlyCount "79"]
[EventDate "2018.10.01"]
[EventType "tourn (corr)"]
[EventRounds "6"]
[EventCountry "GER"]
[SourceTitle "Corr 2022"]
[Source "ChessBase"]
[SourceDate "2021.10.24"]
[SourceVersion "1"]
[SourceVersionDate "2021.10.24"]
[SourceQuality "1"]

1. e4 c6 2. d4 d5 3. e5 c5 4. dxc5 e6 5. a3 Nc6 6. Nf3 Bxc5 7. b4 Bb6 8. Bb2 Nge7 9. Bd3 Ng6 10. 0-0 0-0 11. Re1 f6 12. exf6 gxf6 13. c4 Nf4 14. c5 Nxd3 15. Qxd3 Bc7 16. Nc3 a6 17. Rad1 Qd7 18. h3 Qf7 19. b5 axb5 20. Nxb5 Bb8 21. Nd6 Bxd6 22. cxd6 Bd7 23. Re3 Ra4 24. Qc2 Rc4 25. Qd3 Qg6 26. Qe2 Re4 27. Rxe4 Qxe4 28. Qd2 Rf7 29. Nh2 e5 30. f3 Qc4 31. Qxd5 Qxd5 32. Rxd5 Rg7 33. Ng4 Kf7 34. Kf2 Bxg4 35. hxg4 Ke6 36. Rb5 Kxd6 37. a4 b6 38. Rxb6 Ra7 39. Ba3+ Kc7 40. Rb1 1/2-1/2

[Event "GER CCM-E02-D email"]
[Site "GER email"]
[Date "2018.06.19"]
[Round "?"]
[White "Jambrich, Jaromir"]
[Black "Hoge, Kai Uwe"]
[Result "1/2-1/2"]
[WhiteElo "2246"]
[BlackElo "2213"]
[PlyCount "77"]
[EventDate "2018.??.??"]
[EventType "tourn (corr)"]
[EventRounds "13"]
[EventCountry "GER"]
[SourceTitle "Corr 2020"]
[Source "ChessBase"]
[SourceDate "2019.09.30"]
[SourceVersion "1"]
[SourceVersionDate "2019.09.30"]
[SourceQuality "1"]

1. d4 Nf6 2. c4 g6 3. Nc3 Bg7 4. e4 d6 5. h3 0-0 6. Nf3 e5 7. d5 Nh5 8. g3 f5 9. exf5 gxf5 10. Ng5 Qe8 11. Be2 Nf6 12. Be3 Na6 13. Qd2 Nc5 14. Rg1 h6 15. Nf3 Nfe4 16. Nxe4 Nxe4 17. Qc2 Nc5 18. Rd1 e4 19. Nh4 b6 20. Ng2 Kh7 21. Nf4 Qe5 22. b4 Qc3+ 23. Qxc3 Bxc3+ 24. Bd2 Na4 25. Bxc3 Nxc3 26. Ra1 a5 27. b5 Na4 28. Kd2 Bd7 29. Bh5 Nc5 30. Ke3 Rad8 31. Raf1 Rg8 32. g4 fxg4 33. Bxg4 Bxg4 34. Rxg4 Rxg4 35. hxg4 Rf8 36. Rh1 Kg7 37. Ne6+ Nxe6 38. dxe6 Re8 39. Kxe4 1/2-1/2

[Event "CP-2017-Q-00013"]
[Site "LSS email"]
[Date "2017.11.19"]
[Round "?"]
[White "Nowak, Ireneusz"]
[Black "Hoge, Kai Uwe"]
[Result "1/2-1/2"]
[WhiteElo "2148"]
[BlackElo "2070"]
[PlyCount "59"]
[EventDate "2017.11.25"]
[EventType "tourn (corr)"]
[EventRounds "6"]
[EventCountry "GER"]
[SourceTitle "Corr 2022"]
[Source "ChessBase"]
[SourceDate "2021.10.24"]
[SourceVersion "1"]
[SourceVersionDate "2021.10.24"]
[SourceQuality "1"]

1. e4 d6 2. d4 Nf6 3. Nc3 g6 4. f4 Bg7 5. Nf3 c5 6. Bb5+ Bd7 7. e5 Ng4 8. Bxd7+ Qxd7 9. d5 dxe5 10. h3 e4 11. Nxe4 Nf6 12. Nxf6+ Bxf6 13. 0-0 0-0 14. Be3 Bxb2 15. Rb1 Bg7 16. Bxc5 Rd8 17. Bd4 Qxd5 18. Bxg7 Kxg7 19. Qxd5 Rxd5 20. Rxb7 Rd7 21. Rfb1 Rxb7 22. Rxb7 Nc6 23. Kf2 Rc8 24. Ke3 Kf8 25. Rb5 Rd8 26. c3 Rd6 27. a3 Ke8 28. c4 Rd1 29. Ne5 Nxe5 30. Rxe5 1/2-1/2

[Event "CP-2017-Q-00013"]
[Site "LSS email"]
[Date "2017.11.19"]
[Round "?"]
[White "Ovdienko, Mikhail"]
[Black "Hoge, Kai Uwe"]
[Result "1/2-1/2"]
[WhiteElo "2188"]
[BlackElo "2070"]
[PlyCount "121"]
[EventDate "2017.11.25"]
[EventType "tourn (corr)"]
[EventRounds "6"]
[EventCountry "GER"]
[SourceTitle "Corr 2022"]
[Source "ChessBase"]
[SourceDate "2021.10.24"]
[SourceVersion "1"]
[SourceVersionDate "2021.10.24"]
[SourceQuality "1"]

1. e4 d6 2. d4 Nf6 3. Nc3 g6 4. f3 Bg7 5. Be3 c6 6. g4 b5 7. a3 a5 8. Nge2 Ba6 9. h4 b4 10. Na4 Bb5 11. c3 Nbd7 12. cxb4 axb4 13. axb4 0-0 14. Nac3 Qb6 15. Rxa8 Rxa8 16. Nxb5 Qxb5 17. Qb3 Ra1+ 18. Kf2 Qb8 19. h5 e5 20. h6 Bf8 21. dxe5 Nxe5 22. g5 Nfd7 23. Nc1 d5 24. exd5 cxd5 25. Rh4 Qb7 26. f4 Nc4 27. Bxc4 dxc4 28. Qxc4 Bxb4 29. Nd3 Bf8 30. Rh2 Ra8 31. Kg3 Rc8 32. Qd4 Nc5 33. Nf2 Re8 34. Qc3 Ne4+ 35. Nxe4 Qxe4 36. Re2 Re6 37. Re1 Rd6 38. Qe5 Qd3 39. Rc1 Re6 40. Rc3 Qe2 41. Qd4 Rd6 42. Qa4 Qxb2 43. Rc8 Qe2 44. Qe8 Qe1+ 45. Bf2 Qxe8 46. Rxe8 Rd5 47. Be1 Rb5 48. Bc3 Rb3 49. Rc8 f5 50. gxf6 Rb7 51. Kg4 Kf7 52. Kg5 Rb3 53. Rc6 Rb1 54. Rc7+ Ke6 55. Rxh7 Rg1+ 56. Kh4 Kf5 57. Kh3 Rc1 58. Be5 Rh1+ 59. Kg3 Rxh6 60. Rb7 g5 61. fxg5 1/2-1/2

[Event "CP-2017-P-00013"]
[Site "LSS email"]
[Date "2017.09.27"]
[Round "?"]
[White "Almeraya, Eduardo"]
[Black "Hoge, Kai Uwe"]
[Result "1/2-1/2"]
[WhiteElo "2232"]
[BlackElo "2062"]
[PlyCount "106"]
[EventDate "2017.10.01"]
[EventType "tourn (corr)"]
[EventRounds "6"]
[EventCountry "GER"]
[SourceTitle "Corr 2022"]
[Source "ChessBase"]
[SourceDate "2021.10.24"]
[SourceVersion "1"]
[SourceVersionDate "2021.10.24"]
[SourceQuality "1"]

1. c4 e5 2. Nc3 Nf6 3. Nf3 Nc6 4. g3 Bb4 5. Bg2 0-0 6. 0-0 e4 7. Ng5 Bxc3 8. bxc3 Re8 9. Qc2 Qe7 10. d3 exd3 11. exd3 d6 12. Nf3 h6 13. Nd4 Ne5 14. Re1 Qd8 15. Bf4 Ng6 16. Rxe8+ Qxe8 17. Qd2 Nxf4 18. Qxf4 Qa4 19. Qc1 Qa6 20. a4 Rb8 21. Qa3 Bd7 22. Nb5 Rc8 23. h4 h5 24. Nd4 g6 25. Qb4 b6 26. Nb5 Bf5 27. d4 Kg7 28. Re1 Re8 29. Rxe8 Nxe8 30. c5 Qc8 31. cxb6 axb6 32. c4 Qe6 33. Bf3 Qf6 34. Qd2 Bc8 35. Bc6 Qd8 36. Qc3 Kg8 37. Bxe8 Qxe8 38. Qe3 Qc6 39. d5 Qd7 40. Qf3 Qe8 41. Qe3 Qd7 42. Qe1 Ba6 43. Qe4 Bc8 44. Qe3 Kf8 45. Qc3 Kg8 46. Qe3 Kf8 47. Qc3 Kg8 48. a5 Ba6 49. axb6 cxb6 50. Qb4 Bxb5 51. Qxb5 Qxb5 52. cxb5 f6 53. f4 f5 1/2-1/2

[Event "CP-2017-P-00013"]
[Site "LSS email"]
[Date "2017.09.27"]
[Round "?"]
[White "Dogan, Ahmet"]
[Black "Hoge, Kai Uwe"]
[Result "0-1"]
[WhiteElo "1734"]
[BlackElo "2062"]
[PlyCount "74"]
[EventDate "2017.10.01"]
[EventType "tourn (corr)"]
[EventRounds "6"]
[EventCountry "GER"]
[SourceTitle "Corr 2022"]
[Source "ChessBase"]
[SourceDate "2021.10.24"]
[SourceVersion "1"]
[SourceVersionDate "2021.10.24"]
[SourceQuality "1"]

1. d4 Nf6 2. Nf3 g6 3. e3 Bg7 4. c4 0-0 5. Nc3 d6 6. Be2 Nbd7 7. 0-0 e5 8. Qc2 Re8 9. dxe5 dxe5 10. e4 c6 11. Be3 Qe7 12. a3 Nf8 13. h3 Nh5 14. Rfd1 Nf4 15. Rd2 Nxe2+ 16. Nxe2 f5 17. Bg5 Qf7 18. Be3 Ne6 19. Rdd1 f4 20. Bd2 g5 21. Bc3 Nc5 22. Nd2 Qh5 23. f3 Bxh3 24. b4 g4 25. gxh3 Qxh3 26. bxc5 Re6 27. Kf2 Qh2+ 28. Ke1 Qh4+ 29. Kf1 g3 30. Nxg3 fxg3 31. Ke2 Qh2+ 32. Kd3 Rd8+ 33. Bd4 Rxd4+ 34. Kc3 Bh6 35. Kb3 Rxd2 36. Rxd2 Qxd2 37. Qxd2 Bxd2 0-1